Mobility matters (Record no. 110219)

MARC details
000 -LEADER
fixed length control field 01728cad a22002415a 4500
001 - CONTROL NUMBER
control field L148778
008 - FIXED-LENGTH DATA ELEMENTS--GENERAL INFORMATION
fixed length control field 091109s2009 xxkd f 000 0 eng d
020 ## - INTERNATIONAL STANDARD BOOK NUMBER
International Standard Book Number 9780955070952
035 ## - SYSTEM CONTROL NUMBER
System control number (Sirsi) u148778
041 0# - LANGUAGE CODE
Language code of text/sound track or separate title eng
050 04 - LIBRARY OF CONGRESS CALL NUMBER
Classification number 306.1 $2 18
110 2# - MAIN ENTRY--CORPORATE NAME
Corporate name or jurisdiction name as entry element Broomleigh Housing Association
9 (RLIN) 5807
245 00 - TITLE STATEMENT
Title Mobility matters
Remainder of title exploring mobility aspirations and options for social housing residents
Medium [electronic resource]
260 ## - PUBLICATION, DISTRIBUTION, ETC.
Place of publication, distribution, etc. London
Name of publisher, distributor, etc. HCA
Date of publication, distribution, etc. 2009
505 2# - FORMATTED CONTENTS NOTE
Formatted contents note Executive summary and recommendations -- The strategic context -- Background to this study -- Methodology -- Headlines from the resident research -- Learning the lessons -- Concluding remarks -- Appendix one: research methodology -- Appendix two: further findings from the telephone survey with residents -- Appendix three: interviews undertaken with existing, previous and pending mobility schemes -- Appendix four: references
520 ## - SUMMARY, ETC.
Summary, etc. Presents results of a survey on demand for national mobility among social housing residents. Find that 17% of tenants interviewed wished to move house. Suggests the need for a national mobility scheme for social housing residents. Advantages expected include better management of existing social housing stock, more economic mobility, community cohesion and improvement of quality of life. Recommends among other measures harmonisation of letting policies across housing associations.
521 ## - TARGET AUDIENCE NOTE
Target audience note Advanced
590 ## - LOCAL NOTE (RLIN)
Local note KA
651 #4 - SUBJECT ADDED ENTRY--GEOGRAPHIC NAME
Geographic name England
Chronological subdivision 886-
690 ## - LOCAL SUBJECT ADDED ENTRY--TOPICAL TERM (OCLC, RLIN)
Topical term or geographic name as entry element PROPERTY-RESIDENTIAL PROPERTY-DOMESTIC RESIDENTIAL PROPERTY-HOUSING
856 40 - ELECTRONIC LOCATION AND ACCESS
Uniform Resource Identifier <a href="https://www.homesandcommunities.co.uk/resident-mobility-free-homes">https://www.homesandcommunities.co.uk/resident-mobility-free-homes</a>
Public note View the report free of charge at www.homesandcommunities.co.uk...
942 ## - ADDED ENTRY ELEMENTS (KOHA)
Suppress in OPAC 0
Holdings
Withdrawn status Lost status Source of classification or shelving scheme Damaged status Not for loan Home library Current library Shelving location Date acquired Total Checkouts Full call number Barcode Date last seen Copy number Price effective from Koha item type
    Dewey Decimal Classification     Virtual Virtual Online 09/11/2009   ONLINE PUBLICATION 148778-2001 06/08/2019 1 06/08/2019 Book